Państwa według ich najdłuższych rzek#1 - Statystyki

Ogólne statystyki
  • Ten quiz został rozwiązany 30 razy
  • Średni wynik to 10 z 13
Statystyki odpowiedzi
Rzeka Państwo % Poprawnych
Amazonka Brazylia
100%
Jangcy Chiny
100%
Nil Egipt
100%
Wisła Polska
100%
Missisipi Stany Zjednoczone
100%
Ganges Indie
96%
Mackenzie Kanada
96%
Lena Rosja
92%
Pad Włochy
79%
Oranje Republika Południowej Afryki
75%
Wodi Asz-Szalif Algieria
25%
Lusutfu Eswatini
8%
Reva Fidżi
8%
Nie znaleziono quizów pasujących do podanych kryteriów
Rozkład punktacji
Procent ludzi z każdym wynikiem
Percentyl według liczby udzielonych odpowiedzi
Twoja historia wyników
Nie rozwiązałeś tego quizu